Ricostruisci la Carriera del Calciatore - Remo Freuler - Statistics

Statistiche generali
  • Questo quiz è stato fatto 3 volte
  • Il punteggio medio è 3 su 9
Statistiche sulle risposte
Hint Risposta % Corretto
2023- Bologna
100%
2016-2022 Atalanta
67%
2010-2011 Grasshoppers
33%
2010-2011 Grasshoppers II
33%
2014-2016 Lucerna
33%
2009-2010 Winterthur
33%
2009-2010 Winterthur II
33%
2022-2023 Nottingham Forest
0%
2011-2014 Winterthur
0%
Nessun quiz corrispondente trovato
Distribuzione punteggi
Percentuale di utenti per punteggio
Percentile per numero di risposta
I tuoi punteggi nel tempo
Non hai fatto questo quiz